<?xml version="1.0" encoding="UTF-8"?>
<marc:record xmlns:marc="http://www.loc.gov/MARC21/slim">
   <marc:leader>00000nam a2200000 a 4500</marc:leader>
   <marc:datafield ind1="1" ind2=" " tag="100">
      <marc:subfield code="a">Wrede, Patricia C.</marc:subfield>
      <marc:subfield code="4">aut</marc:subfield>
      <marc:subfield code="e">Verfasser/-in</marc:subfield>
   </marc:datafield>
   <marc:datafield ind1="0" ind2="0" tag="245">
      <marc:subfield code="a">Die Drachenprinzessin</marc:subfield>
   </marc:datafield>
   <marc:datafield ind1="0" ind2="0" tag="245">
      <marc:subfield code="b">Die Zauberwald-Chronik I</marc:subfield>
   </marc:datafield>
   <marc:datafield ind1="0" ind2="0" tag="245">
      <marc:subfield code="c">Patricia C. Wrede</marc:subfield>
   </marc:datafield>
   <marc:datafield ind1=" " ind2="1" tag="264">
      <marc:subfield code="a">Köln</marc:subfield>
      <marc:subfield code="b">Omnibus</marc:subfield>
      <marc:subfield code="c">1997</marc:subfield>
   </marc:datafield>
   <marc:datafield ind1="1" ind2=" " tag="520">
      <marc:subfield code="a">Warum?, fragt sich Prinzessin Cimorene. Warum soll sich alles, was auch nur ein bisschen Spaß macht, einer Prinzessin nicht ziemen? Fechten darf sie nicht, und selbst ein harmloser Zeitvertreib wie das Lernen von lateinischen Vokabeln wird ihr nicht gestattet. Stattdessen: Unterricht in Benimm und Etikette. 
Als selbst die Hilfe ihrer guten Fee nichts ausrichten kann und ihre Eltern sie an einen langweiligen Prinzen verheiraten wollen, reicht es ihr endgültig. Kurzerhand packt sie ihre Lieblingskrone ein und marschiert in das Land der Drachen, um sich dort als Drachenprinzessin zu verdingen....</marc:subfield>
   </marc:datafield>
   <marc:datafield ind1="3" ind2=" " tag="024">
      <marc:subfield code="a">3570124193</marc:subfield>
   </marc:datafield>
</marc:record>
